Building a second brain (Record no. 4986)

MARC details
000 -CABECERA
campo de control de longitud fija 01821nam a2200265zi 4500
001 - NÚMERO DE CONTROL
campo de control 991026747720707026
003 - IDENTIFICADOR DEL NÚMERO DE CONTROL
campo de control UkOxU
007 - CAMPO FIJO DE DESCRIPCIÓN FÍSICA--INFORMACIÓN GENERAL
campo de control de longitud fija ta
008 - DATOS DE LONGITUD FIJA--INFORMACIÓN GENERAL
campo de control de longitud fija 220622e202308uuxxka g |||||||0|0 eng|d
020 ## - NÚMERO INTERNACIONAL ESTÁNDAR DEL LIBRO
Número Internacional Estándar del Libro 9781800812222
035 ## - NÚMERO DE CONTROL DEL SISTEMA
Número de control de sistema (UK-WkNB)9781800812222
035 ## - NÚMERO DE CONTROL DEL SISTEMA
Número de control de sistema (StEdALDL)1/4311885
040 ## - FUENTE DE LA CATALOGACIÓN
Centro catalogador/agencia de origen UK-WkNB
Lengua de catalogación eng
Centro/agencia transcriptor UK-WkNB
Normas de descripción rda
Centro/agencia modificador UkOxU
041 ## - CÓDIGO DE LENGUA
Código de lengua del texto/banda sonora o título independiente eng
050 ## - SIGNATURA TOPOGRÁFICA DE LA BIBLIOTECA DEL CONGRESO
Número de clasificación BF408
Número de documento/Ítem .F67 2022
100 ## - ENTRADA PRINCIPAL--NOMBRE DE PERSONA
Nombre de persona Forte, Tiago
Término indicativo de función/relación author
9 (RLIN) 25965
245 10 - MENCIÓN DE TÍTULO
Título Building a second brain
Resto del título : a proven method to organise your digital life and unlock your creative potential
Mención de responsabilidad, etc. / Tiago Forte.
260 ## - PUBLICACIÓN, DISTRIBUCIÓN, ETC.
Lugar de publicación, distribución, etc. London :
Nombre del editor, distribuidor, etc. Profile Books Ltd,
Fecha de publicación, distribución, etc. 2023.
300 ## - DESCRIPCIÓN FÍSICA
Extensión 272 pages :
Otras características físicas illustrations, tables, charts ;
Dimensiones 20 cm
504 ## - NOTA DE BIBLIOGRAFÍA, ETC.
Nota de bibliografía, etc. Includes bibliographical references and index
520 ## - SUMARIO, ETC.
Sumario, etc. Discover the full potential of your ideas and make powerful, meaningful improvements in your work and life by Building a Second Brain.<br/><br/>For the first time in history, we have instantaneous access to the world's knowledge. There has never been a better time to learn, to create and to improve ourselves. Yet, rather than being empowered by this information, we're often overwhelmed, paralysed by believing we'll never know or remember enough.<br/><br/>This eye-opening and accessible guide shows how you can easily create your own personal system for knowledge management, otherwise known as a Second Brain. A trusted and organised digital repository of your most valued ideas, notes and creative work, a Second Brain gives you the confidence to tackle your most important projects and ambitious goals. From identifying good ideas, to organising your thoughts, to retrieving everything swiftly and easily, it puts you back in control of your life and information.
650 #0 - PUNTO DE ACCESO ADICIONAL DE MATERIA--TÉRMINO DE MATERIA
Término de materia o nombre geográfico como elemento de entrada Creative ability
9 (RLIN) 7047
650 #0 - PUNTO DE ACCESO ADICIONAL DE MATERIA--TÉRMINO DE MATERIA
Término de materia o nombre geográfico como elemento de entrada Thought and thinking
9 (RLIN) 5951
942 ## - ELEMENTOS DE ENTRADA AGREGADA (KOHA)
Fuente del sistema de clasificación o colocación Clasificación de Library of Congress
Holdings
Estado de retiro Estado de pérdida Fuente del sistema de clasificación o colocación Estado dañado No para préstamo Biblioteca de origen Biblioteca actual Fecha de adquisición Total de préstamos Signatura topográfica completa Código de barras Fecha visto por última vez Número de copia Precio válido a partir de Tipo de ítem Koha
    Clasificación de Library of Congress     TBS Barcelona TBS Barcelona 01/10/2025   BF408 FOR B07629 01/10/2025 1 01/10/2025 Book

Powered by Koha